[Event "57th Biel Rapid Open"]
[Site "Biel SUI"]
[Date "2024.07.14"]
[Round "9.11"]
[White "Jumabayev, Rinat"]
[Black "Sadeghi, Hassan Roger"]
[Result "1-0"]
[WhiteTitle "GM"]
[WhiteElo "2565"]
[BlackElo "2057"]
[WhiteFideId "13702661"]
[BlackFideId "1304712"]
[EventDate "2024.07.14"]
[EventType "swiss"]

1. c4 e6 2. d4 f5 3. g3 Nf6 4. Bg2 Be7 5. Nf3 O-O 6. O-O d6 7. Nc3 Qe8 8. Qd3
Nc6 9. e4 fxe4 10. Nxe4 Qh5 11. Re1 Kh8 12. Bd2 e5 13. d5 Nxe4 14. Qxe4 Bf5 15.
Qe3 Nd8 16. Nd4 Bh3 17. Nb5 c6 18. Nc3 Nf7 19. dxc6 Bxg2 20. Kxg2 bxc6 21. Qe2
Qg6 22. Rad1 Bg5 23. Ne4 Bxd2 24. Rxd2 Rad8 25. Red1 Qe6 26. h4 h6 27. Nc3 g5
28. Rh1 Kg7 29. b3 d5 30. cxd5 cxd5 31. Qb5 Qf5 32. Rxd5 g4 33. Qe2 Rc8 34. Ne4
Rcd8 35. Rhd1 Rde8 36. Rd7 Kg8 37. Rxa7 1-0

[Event "57th Biel Rapid Open"]
[Site "Biel SUI"]
[Date "2024.07.14"]
[Round "9.12"]
[White "Nesterov, Arseniy"]
[Black "Saraci, Nderim"]
[Result "1-0"]
[WhiteTitle "GM"]
[BlackTitle "IM"]
[WhiteElo "2602"]
[BlackElo "2447"]
[WhiteFideId "24198455"]
[BlackFideId "6351921"]
[EventDate "2024.07.14"]
[EventType "swiss"]

1. d4 d5 2. c4 e6 3. Nc3 Be7 4. cxd5 exd5 5. Bf4 c6 6. Qc2 Bd6 7. Bxd6 Qxd6 8.
e3 Ne7 9. Bd3 g6 10. Nf3 Nd7 11. O-O Nf6 12. Rab1 O-O 13. b4 Be6 14. b5 c5 15.
dxc5 Qxc5 16. Nd4 Rfc8 17. Rfc1 Qd6 18. h3 Bd7 19. Qb2 b6 20. a4 Rc7 21. Nce2
Rac8 22. Rd1 Be8 23. Nf4 Nd7 24. Be2 Nc5 25. Ra1 f6 26. Bg4 Bd7 27. Bf3 Be8 28.
Nc6 Nxc6 29. Bxd5+ Kg7 30. Bxc6 Qe5 31. Qxe5 fxe5 32. Nd5 Rf7 33. Nb4 a5 34.
Bxe8 Rxe8 35. Nd3 Nxd3 36. Rxd3 Rc8 37. Ra2 Rc4 38. Rd5 e4 39. g4 h6 40. h4 Rb4
41. Kg2 Rf3 42. Rc2 Rxa4 43. Rd6 Rf6 44. Rc7+ Rf7 45. Rcc6 Ra2 46. Rxg6+ Kf8 47.
Rgf6 h5 48. g5 1-0

[Event "57th Biel Rapid Open"]
[Site "Biel SUI"]
[Date "2024.07.14"]
[Round "9.13"]
[White "Harish, Neeraj"]
[Black "Tahay, Alexis"]
[Result "0-1"]
[WhiteTitle "CM"]
[BlackTitle "IM"]
[WhiteElo "2123"]
[BlackElo "2392"]
[WhiteFideId "30958130"]
[BlackFideId "26090961"]
[EventDate "2024.07.14"]
[EventType "swiss"]

1. e4 c5 2. Nf3 Nc6 3. d4 cxd4 4. Nxd4 e5 5. Nb5 d6 6. c4 g6 7. N1c3 a6 8. Na3
Be6 9. Nc2 Rc8 10. Be2 Bg7 11. O-O Nf6 12. Be3 O-O 13. Qd2 Ng4 14. Bxg4 Bxg4 15.
Nd5 Ne7 16. Bb6 Qd7 17. Nce3 Be6 18. Nxe7+ Qxe7 19. Nd5 Qh4 20. Qd3 f5 21. f3 h5
22. Bf2 Qd8 23. Rad1 Kh7 24. b4 f4 25. c5 dxc5 26. Bxc5 Rf7 27. Qe2 Qe8 28. a4
g5 29. a5 g4 30. Nb6 Rd8 31. Nc4 Rxd1 32. Rxd1 Qb5 33. Rc1 Bf8 34. Bxf8 Rxf8 35.
Rc2 Rc8 36. Nd6 Rxc2 37. Qxc2 Qxb4 38. Qc7+ Kg6 39. Kf2 Qd2+ 40. Kf1 gxf3 41.
gxf3 Bh3+ 0-1

[Event "57th Biel Rapid Open"]
[Site "Biel SUI"]
[Date "2024.07.14"]
[Round "9.14"]
[White "Rosen, Eric"]
[Black "Illijin, Neboisa"]
[Result "1-0"]
[WhiteTitle "IM"]
[BlackTitle "IM"]
[WhiteElo "2374"]
[BlackElo "2141"]
[WhiteFideId "2032562"]
[BlackFideId "1200798"]
[EventDate "2024.07.14"]
[EventType "swiss"]

1. d4 Nf6 2. Bf4 e6 3. e3 d5 4. Nf3 Bd6 5. Ne5 O-O 6. Nd2 Qe7 7. Bd3 c5 8. c3 a6
9. h4 Nc6 10. h5 cxd4 11. cxd4 Bxe5 12. dxe5 Nd7 13. Nf3 h6 14. Qd2 Qb4 15. Qxb4
Nxb4 16. Bb1 Nc5 17. O-O Nbd3 18. Bxd3 Nxd3 19. Rab1 Bd7 20. Rfd1 Nxf4 21. exf4
Rfc8 22. Nd4 Rc4 23. b3 Rc3 24. Rbc1 Rac8 25. Rxc3 Rxc3 26. Kf1 Kf8 27. Ke1 Ke7
28. Kd2 Rc7 29. Re1 Rc5 30. g4 Ra5 31. Ra1 f6 32. Kc3 Rc5+ 33. Kb2 Bb5 34. Re1
Bd7 35. Re3 Rc8 36. Rc3 fxe5 37. Rxc8 Bxc8 38. fxe5 Bd7 39. Kc3 Be8 40. Kb4 b6
41. a4 a5+ 42. Kc3 g6 43. hxg6 Bxg6 44. Ne2 Be4 45. Nd4 Bg6 46. b4 axb4+ 47.
Kxb4 Bd3 48. Kc3 Bf1 49. Kd2 Kf7 50. Ke3 Bc4 51. Kf4 Bd3 52. Kg3 Be4 53. Kh4 Bg6
54. f4 Ke7 55. a5 bxa5 56. Nc6+ Kf7 57. Nxa5 d4 58. Nc4 d3 59. Kg3 Bh7 60. Kf3
Kg7 61. Ke3 h5 62. gxh5 Kh6 63. Nb2 Kxh5 64. Nxd3 Kg4 65. Nc5 Bf5 66. Nb3 Kg3
67. Nd4 Bg4 68. Ke4 Kf2 69. f5 exf5+ 70. Kf4 Bh5 71. e6 Be8 72. Nxf5 Ba4 73. Nd4
Be8 74. e7 Ba4 75. Nf3 Ke2 76. Ne5 Be8 77. Ke4 Ba4 78. Nf7 Bc6+ 79. Kd4 Be8 80.
Ng5 Ba4 81. Ke4 Bc6+ 82. Ke5 Kd3 83. Ne4 Be8 84. Nf6 Ba4 85. Kd6 1-0

[Event "57th Biel Rapid Open"]
[Site "Biel SUI"]
[Date "2024.07.14"]
[Round "9.15"]
[White "Olarte, Stefan"]
[Black "Juksta, Karolis"]
[Result "0-1"]
[BlackTitle "IM"]
[WhiteElo "1902"]
[BlackElo "2400"]
[WhiteFideId "1356232"]
[BlackFideId "12809039"]
[EventDate "2024.07.14"]
[EventType "swiss"]

1. Nf3 d5 2. c4 e6 3. g3 Nf6 4. Bg2 Be7 5. O-O O-O 6. b3 d4 7. d3 Nc6 8. Nbd2 e5
9. a3 a5 10. Qc2 Bf5 11. Nh4 Be6 12. e4 dxe3 13. fxe3 Ng4 14. Ndf3 Bc5 15. Re1
g5 16. h3 gxh4 17. hxg4 hxg3 18. Bb2 f6 19. d4 exd4 20. Rad1 Bxg4 21. exd4 Ba7
22. c5 Qd7 23. Qc4+ Qf7 24. d5 Bxf3 25. Bxf3 Ne5 26. Rxe5 fxe5 27. Qg4+ Qg6 28.
Bxe5 Bxc5+ 29. Kh1 Rxf3 30. Qxf3 Qh6+ 0-1

[Event "57th Biel Rapid Open"]
[Site "Biel SUI"]
[Date "2024.07.14"]
[Round "9.16"]
[White "Zargarov, Mikayel"]
[Black "Haimovich, Tal"]
[Result "0-1"]
[BlackTitle "IM"]
[WhiteElo "2033"]
[BlackElo "2324"]
[WhiteFideId "1342410"]
[BlackFideId "2801698"]
[EventDate "2024.07.14"]
[EventType "swiss"]

1. d4 Nf6 2. c4 e6 3. g3 c5 4. d5 exd5 5. cxd5 d6 6. Nc3 g6 7. Bg2 Bg7 8. Nf3
O-O 9. O-O Re8 10. Bf4 h6 11. Qc1 g5 12. Be3 Bf5 13. h4 g4 14. Nd2 Rxe3 15. fxe3
Bg6 16. Nc4 Qe7 17. e4 Nh5 18. Kh2 Nd7 19. Qe3 a6 20. a4 Re8 21. Qf2 Bd4 22. e3
Bg7 23. Ne2 b5 24. axb5 axb5 25. Nd2 Ne5 26. Nf4 Nf6 27. Ra6 c4 28. Rfa1 Qc7 29.
Ra7 Qc5 30. Ra8 Rxa8 31. Rxa8+ Kh7 32. Qe2 Qb4 33. Ra2 h5 34. Qd1 Nfd7 35. Nb1
Qc5 36. Qd2 Nf6 37. Nxg6 Nxg6 38. Nc3 b4 39. Ne2 Ne5 40. Ra4 Nf3+ 41. Bxf3 gxf3
42. Nd4 c3 43. bxc3 bxc3 44. Qc2 Ng4+ 45. Kh1 Nxe3 46. Qd3 Bxd4 47. Rxd4 c2 48.
e5+ Kg7 49. Qxe3 c1=Q+ 50. Qxc1 Qxc1+ 51. Kh2 Qc2+ 0-1

[Event "57th Biel Rapid Open"]
[Site "Biel SUI"]
[Date "2024.07.14"]
[Round "9.17"]
[White "Peycheva, Gergana"]
[Black "Rotunno, Flavio"]
[Result "1/2-1/2"]
[WhiteTitle "FM"]
[WhiteElo "2261"]
[BlackElo "2168"]
[WhiteFideId "2916711"]
[BlackFideId "1338528"]
[EventDate "2024.07.14"]
[EventType "swiss"]

1. d4 Nf6 2. c4 e6 3. Nc3 Bb4 4. Bd2 O-O 5. Nf3 b6 6. e3 Bb7 7. Be2 d5 8. cxd5
exd5 9. O-O Nbd7 10. Rc1 a6 11. Ne5 Re8 12. f4 Bxc3 13. Bxc3 Ne4 14. Be1 c5 15.
Bf3 cxd4 16. exd4 Rc8 17. Rxc8 Bxc8 18. Qb3 Nxe5 19. fxe5 Be6 20. Qe3 Qg5 21.
Bd2 Qxe3+ 22. Bxe3 Rc8 23. Rc1 Rxc1+ 24. Bxc1 f6 25. exf6 Nxf6 26. Bf4 Kf7 27.
Kf2 h6 28. Ke3 Bg4 29. Bc7 Bxf3 30. gxf3 b5 31. Kd3 Ke6 32. Kc3 Kd7 33. Be5 Kc6
34. Kb4 Kb6 35. b3 Ne8 36. Kc3 Kc6 37. a3 g6 38. Kd3 Nc7 39. Bf4 g5 40. Be5 Ne6
41. Ke3 Kd7 42. f4 gxf4+ 43. Bxf4 Nxf4 44. Kxf4 Ke6 45. Kg4 Kf6 46. Kf4 Ke6 47.
h3 Kf6 48. Kg4 Kg6 49. Kf4 Kf6 50. Kg4 Kg6 51. b4 Kf6 52. Kf4 Ke6 53. h4 Kf6 54.
Kg4 Kg6 55. h5+ Kf6 56. Kf4 Ke6 1/2-1/2

[Event "57th Biel Rapid Open"]
[Site "Biel SUI"]
[Date "2024.07.14"]
[Round "9.18"]
[White "Schlegel, Igor"]
[Black "Frey, Fabian"]
[Result "0-1"]
[WhiteTitle "FM"]
[WhiteElo "2233"]
[BlackElo "2184"]
[WhiteFideId "1334956"]
[BlackFideId "1336487"]
[EventDate "2024.07.14"]
[EventType "swiss"]

1. b3 d5 2. Bb2 Bf5 3. e3 e6 4. c4 Nf6 5. Nf3 h6 6. Nc3 c6 7. Be2 Nbd7 8. O-O
Be7 9. Rc1 O-O 10. h3 Re8 11. d3 Bg6 12. Nh4 Bh7 13. f4 a5 14. Nf3 Nc5 15. Kh1
dxc4 16. dxc4 Nd3 17. Bxd3 Qxd3 18. Qe1 Qd7 19. Ne5 Qc7 20. Qg3 Rad8 21. Rf2 Rd6
22. e4 Red8 23. Re1 Rd2 24. Nd5 exd5 25. Rxd2 Bxe4 26. Ng4 Nxg4 27. Qxg4 Bf8 28.
Bf6 Re8 29. Be5 Qe7 30. Kh2 f6 31. Bc3 f5 32. Qg6 Qd7 33. cxd5 cxd5 34. Rxd5 Qc8
35. Bb2 Re6 36. Rd8 Rxg6 37. Rxc8 Rxg2+ 0-1

[Event "57th Biel Rapid Open"]
[Site "Biel SUI"]
[Date "2024.07.14"]
[Round "9.19"]
[White "Rait, Albert"]
[Black "Georgescu, Lena"]
[Result "1/2-1/2"]
[BlackTitle "FM"]
[WhiteElo "1932"]
[BlackElo "2209"]
[WhiteFideId "16289161"]
[BlackFideId "1331973"]
[EventDate "2024.07.14"]
[EventType "swiss"]

1. b4 e5 2. Bb2 Bxb4 3. Bxe5 Nf6 4. c4 O-O 5. Nf3 Re8 6. e3 d6 7. Bb2 Nc6 8. Be2
Ne5 9. O-O c6 10. d4 Nxf3+ 11. Bxf3 d5 12. Qb3 Bd6 13. Nc3 Be6 14. cxd5 cxd5 15.
Ba3 Bxa3 16. Qxa3 Qd7 17. Rab1 b6 18. Ne2 Bg4 19. Bxg4 Qxg4 20. Nf4 Qd7 21. Rbc1
Rec8 22. Qb3 h5 23. h3 Qf5 24. Qd3 Qd7 25. Qb3 g5 26. Nd3 Qf5 27. Ne5 Kg7 28. f3
Qe6 29. Qd3 Rxc1 30. Rxc1 Rc8 31. Qa3 Rxc1+ 32. Qxc1 Nd7 33. Nxd7 Qxd7 34. e4
Kg6 35. e5 Qa4 36. Qd2 Qc4 37. h4 gxh4 38. Qf4 Qc7 39. Qf6+ Kh7 40. Qxh4 Qc1+
41. Kh2 Qh6 42. Qf2 Qg6 43. g3 Qf5 44. Kg2 Qg5 45. Qc2+ Kg7 46. Qc6 Qd2+ 47. Kh3
Qxd4 48. Qf6+ Kg8 49. Qg5+ Kf8 50. Qd8+ Kg7 1/2-1/2

[Event "57th Biel Rapid Open"]
[Site "Biel SUI"]
[Date "2024.07.14"]
[Round "9.20"]
[White "Tkhoruk, Roman"]
[Black "Xiao, Tong(QD)"]
[Result "0-1"]
[WhiteElo "1965"]
[BlackElo "2518"]
[WhiteFideId "34161589"]
[BlackFideId "8622388"]
[EventDate "2024.07.14"]
[EventType "swiss"]

1. e4 c5 2. Nf3 Nc6 3. Nc3 d6 4. Be2 Nf6 5. O-O g6 6. h3 Bg7 7. d3 Rb8 8. Be3 b5
9. e5 dxe5 10. Bxc5 O-O 11. Ne4 Nd5 12. Rb1 Bf5 13. Ng3 Bd7 14. d4 Qc7 15. dxe5
Nf4 16. Qd2 Nxe2+ 17. Qxe2 Be6 18. b3 Nxe5 19. Nxe5 Qxc5 20. Nd3 Qc7 21. Ne4 Bf5
22. g4 Bxe4 23. Qxe4 Qxc2 24. Rfc1 Qxa2 25. Qxe7 a5 26. Ne5 Rbe8 27. Qc7 Bxe5
28. Qb7 Bd4 29. Qf3 Re2 30. Rf1 Rxf2 31. Rxf2 Qxb1+ 32. Kg2 Bxf2 33. Kxf2 a4 34.
bxa4 bxa4 35. Qa3 Qc2+ 36. Kg3 Qb3+ 0-1

[Event "57th Biel Rapid Open"]
[Site "Biel SUI"]
[Date "2024.07.14"]
[Round "9.21"]
[White "Tcheau, Alain"]
[Black "Krishnan, Ritvik"]
[Result "0-1"]
[BlackTitle "FM"]
[WhiteElo "1991"]
[BlackElo "2246"]
[WhiteFideId "1306014"]
[BlackFideId "45055297"]
[EventDate "2024.07.14"]
[EventType "swiss"]

1. e4 c5 2. Nf3 d6 3. d4 cxd4 4. Nxd4 Nf6 5. Nc3 Nc6 6. Nxc6 bxc6 7. Bd3 g6 8.
O-O Bg7 9. Bd2 O-O 10. Rb1 Nd7 11. Be2 Rb8 12. b3 Nc5 13. Bf3 a5 14. a4 Qc7 15.
Ne2 e5 16. Be3 Ne6 17. Qd2 f5 18. Bh6 fxe4 19. Bxe4 Nc5 20. Bd3 Bxh6 21. Qxh6 e4
22. Bc4+ d5 23. Qe3 Ne6 24. Nd4 dxc4 25. Qxe4 Nxd4 26. Qxd4 cxb3 27. cxb3 Qf7
28. Qc3 Ba6 0-1

[Event "57th Biel Rapid Open"]
[Site "Biel SUI"]
[Date "2024.07.14"]
[Round "9.22"]
[White "Chen, Muxi"]
[Black "Toktomushev, Teimur"]
[Result "1-0"]
[BlackTitle "FM"]
[WhiteElo "2030"]
[BlackElo "2300"]
[WhiteFideId "8626073"]
[BlackFideId "14176726"]
[EventDate "2024.07.14"]
[EventType "swiss"]

1. c4 e6 2. e4 c5 3. Nc3 Nc6 4. g3 g6 5. Bg2 Bg7 6. Nge2 Nge7 7. d3 O-O 8. O-O
a6 9. a4 Rb8 10. Rb1 d6 11. Be3 Nd4 12. b4 b6 13. Bf4 Bb7 14. Nxd4 Bxd4 15. Ne2
Bg7 16. Qd2 Nc6 17. b5 axb5 18. axb5 Ne5 19. Ra1 Ra8 20. Nc3 Qd7 21. Na4 Qc7 22.
Qc2 Ra5 23. Bd2 Ra7 24. Bc3 Rfa8 25. Rfd1 Qd8 26. h3 h5 27. f4 Nd7 28. Bxg7 Kxg7
29. Qb2+ Qf6 30. Nc3 Rxa1 31. Rxa1 Rxa1+ 32. Qxa1 h4 33. e5 dxe5 34. Bxb7 hxg3
35. Ne2 Kh7 36. Bg2 g5 37. Nxg3 Qxf4 38. Qe1 f5 39. Kh2 Nf6 40. Qa1 Nh5 41. Qe1
Kg6 42. Bc6 Nf6 43. Qe2 g4 44. h4 Nh5 45. Be8+ Kh6 46. Bxh5 Qd4 47. Bf7 f4 48.
Ne4 f3 49. Qd2+ Kg7 50. Bxe6 Qa1 51. Qg5+ 1-0

[Event "57th Biel Rapid Open"]
[Site "Biel SUI"]
[Date "2024.07.14"]
[Round "9.23"]
[White "Erne, Raphael"]
[Black "Bonanomi, Silvan"]
[Result "1-0"]
[WhiteElo "2108"]
[BlackElo "1924"]
[WhiteFideId "1341928"]
[BlackFideId "1352644"]
[EventDate "2024.07.14"]
[EventType "swiss"]

1. c4 e5 2. g3 c6 3. Nf3 e4 4. Nd4 Nf6 5. Bg2 d5 6. d3 Bc5 7. Nb3 e3 8. fxe3 Ng4
9. Nxc5 Qa5+ 10. Bd2 Qxc5 11. cxd5 O-O 12. dxc6 Nxc6 13. Nc3 Nxe3 14. Bxe3 Qxe3
15. Qd2 Qd4 16. O-O-O Be6 17. Qf4 Qb6 18. Bd5 Bxd5 19. Nxd5 Qa5 20. Nc3 Nb4 21.
a3 Nd5 22. Nxd5 Qxd5 23. Kb1 b5 24. Rhf1 a5 25. Rc1 b4 26. a4 Qb3 27. Rc7 Rae8
28. Qf3 f6 29. Qb7 Rf7 30. Rxf7 Qxf7 31. Qxf7+ Kxf7 32. e4 Rd8 33. Kc2 Ke6 34.
Rf5 Rc8+ 35. Kb3 Rd8 36. Kc4 Rc8+ 37. Rc5 Ra8 38. d4 g6 39. Rc6+ Ke7 40. Kc5 h5
41. d5 Rd8 42. Rc7+ Rd7 43. d6+ Ke6 44. Rxd7 Kxd7 45. Kd5 g5 46. b3 h4 47. gxh4
gxh4 48. e5 fxe5 49. Kxe5 1-0

[Event "57th Biel Rapid Open"]
[Site "Biel SUI"]
[Date "2024.07.14"]
[Round "9.24"]
[White "Tellarini, Lorenzo"]
[Black "Vemparala, Nikash"]
[Result "0-1"]
[BlackTitle "CM"]
[WhiteElo "2002"]
[BlackElo "2150"]
[WhiteFideId "28548655"]
[BlackFideId "30960967"]
[EventDate "2024.07.14"]
[EventType "swiss"]

1. e4 e5 2. Bc4 Nc6 3. d3 Bc5 4. Nc3 Nf6 5. Na4 Be7 6. f4 exf4 7. Bxf4 d5 8.
exd5 Nxd5 9. Bxd5 Qxd5 10. Qf3 Qb5 11. b3 O-O 12. Ne2 Bf6 13. Rd1 Nd4 14. Nxd4
Bxd4 15. c3 Re8+ 16. Kd2 Bf6 17. Rhe1 Bf5 18. d4 Red8 19. Bxc7 Rd7 20. Nc5 Qxc5
21. Be5 Bxe5 22. Qxf5 Bxd4 23. Qxc5 Bxc5+ 24. Kc2 Rxd1 25. Rxd1 h6 26. Rd7 b6
27. b4 Bf8 28. a4 a5 29. Kb3 axb4 30. cxb4 Re8 31. Rb7 Re3+ 32. Kc2 Bxb4 33.
Rxb6 Bc5 34. Rc6 Bd4 35. Rd6 Be5 36. Rd8+ Kh7 37. Re8 f6 38. a5 Ra3 39. Ra8 Ra2+
40. Kb3 Rb2+ 41. Kc4 Rxg2 42. a6 Rxh2 43. a7 Ra2 44. Kd5 h5 45. Kc6 Bd4 46. Kb7
Rxa7+ 47. Rxa7 Bxa7 48. Kxa7 h4 49. Kb6 h3 50. Kc5 h2 51. Kd4 h1=Q 52. Ke3 g5
53. Kd4 g4 54. Kc5 g3 55. Kd6 g2 56. Kc7 g1=Q 57. Kb8 f5 58. Kc7 f4 59. Kb8 f3
60. Kc7 f2 61. Kb8 f1=R 62. Kc7 Qc5+ 63. Kb8 Rb1# 0-1

[Event "57th Biel Rapid Open"]
[Site "Biel SUI"]
[Date "2024.07.14"]
[Round "9.25"]
[White "Bex, Pierre-Alain"]
[Black "Lang, Fabian"]
[Result "1-0"]
[WhiteElo "2119"]
[BlackElo "1957"]
[WhiteFideId "1300814"]
[BlackFideId "1310160"]
[EventDate "2024.07.14"]
[EventType "swiss"]

1. e4 c5 2. Nf3 a6 3. c3 d5 4. exd5 Qxd5 5. d4 Nf6 6. Be2 e6 7. O-O Nc6 8. Na3
Be7 9. Nc4 Qd8 10. dxc5 Qxd1 11. Rxd1 Bxc5 12. b4 Ba7 13. Be3 Bxe3 14. Nxe3 Ke7
15. a3 Bd7 16. Nc4 b5 17. Nb6 Rab8 18. Nxd7 Nxd7 19. c4 Nde5 20. Nxe5 Nxe5 21.
cxb5 axb5 22. Rac1 Rhc8 23. Rxc8 Rxc8 24. Bxb5 Rc3 25. Ra1 Nc6 26. Bxc6 Rxc6 27.
b5 Rb6 28. a4 Kd6 29. Rc1 Rb7 30. Kf1 Ra7 31. Ra1 Kc5 32. Ke2 Rd7 33. Ke3 f6 34.
Rb1 Kb6 35. g4 Ka5 36. f4 Kxa4 37. b6 Rb7 38. Kd4 Ka5 39. Kc5 1-0

[Event "57th Biel Rapid Open"]
[Site "Biel SUI"]
[Date "2024.07.14"]
[Round "9.26"]
[White "Szakolczai, Peter"]
[Black "Arulanantham, Aneet"]
[Result "1-0"]
[WhiteTitle "FM"]
[WhiteElo "2188"]
[BlackElo "1954"]
[WhiteFideId "705624"]
[BlackFideId "1335189"]
[EventDate "2024.07.14"]
[EventType "swiss"]

1. e4 c6 2. Nf3 d5 3. exd5 cxd5 4. Ne5 Nc6 5. d4 Nf6 6. Bb5 Bd7 7. Nxd7 Qxd7 8.
c3 e6 9. Bf4 Bd6 10. Bxd6 Qxd6 11. O-O O-O 12. Nd2 Rac8 13. Re1 a6 14. Bd3 Na5
15. Qf3 b5 16. b4 Nc4 17. Nb3 Rfe8 18. Nc5 h6 19. h3 Ra8 20. a4 Reb8 21. Ra2 Re8
22. axb5 axb5 23. Bxc4 bxc4 24. Rea1 Rxa2 25. Rxa2 Rc8 26. Ra6 Rc6 27. Ra8+ Kh7
28. Qd1 Ne4 29. Qc2 f5 30. Re8 Nxc5 31. bxc5 Qf4 32. Qb2 Ra6 33. Rb8 Qe4 34. Rb6
Qe1+ 35. Kh2 Ra1 36. Kg3 Rd1 37. c6 Rd2 38. Qxd2 Qxd2 39. c7 Qg5+ 40. Kf3 Qh5+
41. Ke3 Qg5+ 42. Ke2 Qh5+ 43. f3 Qg5 44. c8=Q Qxg2+ 45. Ke1 Qg1+ 46. Kd2 Qf2+
47. Kc1 Qe1+ 48. Kb2 Qd2+ 49. Ka3 Qxc3+ 50. Ka4 Qa1+ 51. Kb5 Qxd4 52. Qxe6 Qb2+
53. Kc5 Qa3+ 54. Kxd5 Qd3+ 55. Kc5 c3 56. Qg6+ 1-0

[Event "57th Biel Rapid Open"]
[Site "Biel SUI"]
[Date "2024.07.14"]
[Round "9.27"]
[White "Menzi, Jonas"]
[Black "Bernhard, Simon"]
[Result "1-0"]
[WhiteElo "2100"]
[BlackElo "1801"]
[WhiteFideId "1345133"]
[BlackFideId "1362127"]
[EventDate "2024.07.14"]
[EventType "swiss"]

1. e4 c5 2. Nf3 d6 3. Bb5+ Nd7 4. d4 cxd4 5. Qxd4 a6 6. Bxd7+ Bxd7 7. Nc3 e5 8.
Qd3 Be7 9. O-O Nf6 10. Bg5 Qc7 11. Rfd1 Bc6 12. Nd2 O-O 13. Nc4 Rad8 14. Ne3 b5
15. Bxf6 Bxf6 16. Ncd5 Qb7 17. Nxf6+ gxf6 18. Ng4 Qe7 19. Qf3 Kh8 20. Qxf6+ Qxf6
21. Nxf6 Kg7 22. Nd5 f5 23. exf5 Rxf5 24. Ne7 Be4 25. Nxf5+ Bxf5 26. c3 Be6 27.
Re1 Kf6 28. a4 Bc4 29. axb5 Bxb5 30. Re3 Rg8 31. Rh3 Rg7 32. Rh6+ Ke7 33. f3 Be2
34. Kf2 Bb5 35. Rd1 1-0

[Event "57th Biel Rapid Open"]
[Site "Biel SUI"]
[Date "2024.07.14"]
[Round "9.28"]
[White "Ranieri, Pierpaolo"]
[Black "Brockmann, Fabian"]
[Result "1/2-1/2"]
[WhiteElo "1909"]
[BlackElo "2003"]
[WhiteFideId "893986"]
[BlackFideId "4639561"]
[EventDate "2024.07.14"]
[EventType "swiss"]

1. d4 Nf6 2. c4 c5 3. d5 b5 4. cxb5 a6 5. bxa6 g6 6. Nc3 Bg7 7. e4 d6 8. Nf3 Qa5
9. a7 Rxa7 10. Bb5+ Bd7 11. Bxd7+ Nbxd7 12. O-O O-O 13. Qe2 Qa6 14. Qc2 Rb8 15.
a4 Ne8 16. Ra3 Nc7 17. b3 Rab7 18. Bb2 c4 19. Nd2 cxb3 20. Rxb3 Rxb3 21. Nxb3
Qb7 22. Nb5 Nxb5 23. Bxg7 Kxg7 24. axb5 Qxb5 25. Nd4 Qc5 26. Qxc5 Nxc5 27. Nc6
Rb7 28. f3 Kf6 29. Ra1 e6 30. Rd1 Rb6 31. Kf2 h5 32. Ke3 g5 33. h4 Rb3+ 34. Kf2
Nd3+ 35. Kg3 exd5 36. hxg5+ Kxg5 37. exd5 h4+ 38. Kh2 Nf4 39. Rd2 Rb5 40. Ne7
Kf6 41. Nc8 Ke5 42. Ne7 Nxd5 43. Nxd5 Rxd5 44. Re2+ Kf5 45. Kh3 Rd4 46. Re7 Kf6
47. Re8 Rd2 48. Re4 d5 49. Rxh4 d4 50. Kg3 d3 51. Rd4 Ke5 52. Rd7 f5 53. f4+ Ke4
54. Re7+ Kd4 55. Re5 Kc3 56. Rxf5 Re2 57. Rd5 d2 58. Kf3 Re8 59. f5 Kc2 60. g4
Rh8 61. f6 Rh3+ 62. Ke2 Rh2+ 63. Ke3 Rh3+ 64. Ke2 Rh2+ 65. Ke3 Rh3+ 66. Ke4 1/2-1/2

[Event "57th Biel Rapid Open"]
[Site "Biel SUI"]
[Date "2024.07.14"]
[Round "9.31"]
[White "Materia, Matteo"]
[Black "Vincenti, Leonardo"]
[Result "1/2-1/2"]
[BlackTitle "CM"]
[WhiteElo "1860"]
[BlackElo "2163"]
[WhiteFideId "45150575"]
[BlackFideId "28550820"]
[EventDate "2024.07.14"]
[EventType "swiss"]

1. e4 e6 2. d4 d5 3. exd5 exd5 4. Nf3 Nf6 5. Bd3 Bd6 6. Qe2+ Qe7 7. Qxe7+ Kxe7
8. O-O Re8 9. Re1+ Kf8 10. Rxe8+ Kxe8 11. Bg5 Ne4 12. Bh4 f6 13. Nbd2 g5 14. Bg3
Nxg3 15. hxg3 h6 16. Re1+ Kf7 17. c4 dxc4 18. Bxc4+ Kg7 19. Ne4 Bb4 20. Re2 Nd7
21. a3 Bf8 22. Nc3 Nb6 23. Bb3 Bg4 24. Nb5 c6 25. Nc7 Rd8 26. Ne6+ Bxe6 27. Rxe6
Nd5 28. g4 Kf7 29. Re2 Be7 30. Ne1 Kf8 31. g3 Rd6 32. Nc2 Bd8 33. Ne3 Ne7 34.
Rd2 Bb6 35. Nc2 Nc8 36. Kf1 Ne7 37. Ke2 Nd5 38. Ne3 Nc7 39. Nc2 Nb5 40. d5 cxd5
41. Rxd5 Rxd5 42. Bxd5 Nd6 43. Ne3 Bd4 44. b3 Bb2 45. a4 b6 46. Nc4 Nxc4 47.
Bxc4 a5 48. Kf3 Bd4 49. Bd5 Bc5 50. Bc4 Ke7 51. Bd5 Kd6 52. Bc4 Ke5 53. Ke2 Kd4
54. Be6 Kc3 55. Bd5 Kd4 56. Bf7 Ke4 57. Bg6+ Ke5 58. Bd3 Kd6 59. Be4 Ke6 60.
Bf5+ Kf7 61. Be4 Ke6 62. Bf5+ Kd6 63. Bd3 Kd5 64. Bg6 Kc6 65. Bf5 b5 66. axb5+
Kxb5 67. Bg6 Kb4 68. Bf7 Bd6 69. Be6 Kc3 70. Bd5 Kd4 71. Be6 Ke5 72. Bf5 h5 73.
Bd7 h4 74. f4+ Ke4 75. fxg5 fxg5 76. gxh4 gxh4 77. Kf2 h3 78. Kg1 Kf4 79. Be6
Be7 80. Kh2 Kg5 81. Kxh3 Bd6 82. Bc4 Kf6 83. Kg2 Ke5 84. Kf3 Kd4 85. Bf7 Ke5 86.
g5 Kf5 87. g6 Kf6 88. Ke4 Be7 89. Kd5 Bb4 90. Kc6 Kg7 91. Kd7 Bc3 92. Ke8 Bb4
93. Kd7 Bc3 94. Ke6 Bb4 1/2-1/2

[Event "57th Biel Rapid Open"]
[Site "Biel SUI"]
[Date "2024.07.14"]
[Round "9.32"]
[White "Pappier, Carlos"]
[Black "King, Alexander"]
[Result "1/2-1/2"]
[WhiteElo "2202"]
[BlackElo "1935"]
[WhiteFideId "102598"]
[BlackFideId "1352334"]
[EventDate "2024.07.14"]
[EventType "swiss"]

1. d4 b6 2. e4 Bb7 3. f3 e6 4. Be3 d5 5. Nc3 dxe4 6. fxe4 Bb4 7. e5 Ne7 8. Nf3
Bxf3 9. Qxf3 Nd5 10. Bd2 Qh4+ 11. Qf2 Qxf2+ 12. Kxf2 Bxc3 13. bxc3 c6 14. c4 Ne7
15. Bb4 Nf5 16. Rd1 Na6 17. Bd6 Nxd6 18. exd6 c5 19. Be2 O-O-O 20. d5 Rxd6 21.
dxe6 Rxe6 22. Rd2 Rf6+ 23. Bf3 Rd8 24. Rhd1 Rxd2+ 25. Rxd2 Nb4 26. Ke3 Kc7 27.
a3 Re6+ 28. Kf4 Nc6 29. Bg4 Rd6 30. Re2 Rd4+ 31. Re4 Kd6 32. c3 Rxe4+ 33. Kxe4
Ne5 34. Be2 Ke6 35. g4 g6 36. g5 a6 37. Kf4 Nc6 38. Bg4+ Kd6 39. Ke4 Ne5 40. Be2
Nc6 41. Bg4 Ne5 42. Be2 Nc6 1/2-1/2

[Event "57th Biel Rapid Open"]
[Site "Biel SUI"]
[Date "2024.07.14"]
[Round "9.33"]
[White "Parlak, Selahattin"]
[Black "Papaux, Steve"]
[Result "0-1"]
[WhiteElo "1805"]
[BlackElo "2228"]
[WhiteFideId "1338625"]
[BlackFideId "1337602"]
[EventDate "2024.07.14"]
[EventType "swiss"]

1. d4 d5 2. Nf3 Nf6 3. Nc3 c6 4. Bg5 Bf5 5. e3 e6 6. Ne5 Nbd7 7. Bd3 h6 8. Bh4
Nxe5 9. dxe5 g5 10. Bxf5 exf5 11. exf6 Qxf6 12. Bg3 f4 13. exf4 gxf4 14. Qe2+
Be7 15. O-O-O fxg3 16. hxg3 O-O-O 17. Rhe1 Rhe8 18. Qg4+ Kc7 19. f4 b5 20. Qf3
Rg8 21. Qe3 Bd6 22. Qxa7+ Kc8 23. Rd3 Rxg3 24. Rxg3 Bxf4+ 25. Kb1 Bxg3 26. a4
Bxe1 27. Qa8+ Kc7 28. Qa7+ Kd6 29. axb5 Bxc3 30. Qa3+ Ke6 31. bxc6 Rb8 32. c7
Qf1+ 33. Ka2 Qc4+ 34. b3 Qxc7 35. Qa6+ Qd6 36. Qe2+ Qe5 37. Qa6+ Kf5 38. Qd3+
Kg5 0-1